000 00422nam a2200181Ia 4500
008 090124s9999 xx 000 0 und d
082 _b107267
100 _aशहा नलिनी
245 _a मळभ
250 _a1
260 _c1959
300 _a108+3
600 _aशहा नलिनी
630 _a मळभ
700 _aशहा नलिनी
730 _a मळभ
942 _cBOOK
999 _c153358
_d153358